[Event "12th Open"]
[Site "Dubai UAE"]
[Date "2010.04.12"]
[Round "8"]
[White "Solomon,K"]
[Black "Pabalan,R"]
[Result "1-0"]
[WhiteElo "2354"]
[BlackElo "2041"]
[EventDate "2010.04.05"]

1. d4 d5 2. Nf3 c6 3. c4 a6 4. Qc2 Nf6 5. g3 g6 6. Bg2 Bg7 7. O-O O-O 8.
Bf4 dxc4 9. Qxc4 Be6 10. Qc1 Bd5 11. Rd1 Re8 12. Nc3 e6 13. Bg5 Bxf3 14.
Bxf3 Qa5 15. e4 e5 16. dxe5 Qxe5 17. Bf4 Qa5 18. Rb1 Nfd7 19. b4 Qb6 20.
Bg4 Ne5 21. Be3 c5 22. Bxc5 Qc7 23. Nd5 Qc6 24. Be2 Nbd7 25. f4 Nxc5 26.
Qxc5 Qxc5+ 27. bxc5 Nd7 28. c6 bxc6 29. Nc7 Nc5 30. Nxa8 Rxa8 31. Bf3 Bf8
32. e5 Ne6 33. Bxc6 Bc5+ 34. Kg2 Rf8 35. Rd7 Nd4 36. Bd5 Nf5 37. Rbb7 Ne3+
38. Kf3 Nxd5 39. Rxd5 Rc8 40. Rdd7 Bf8 41. Rxf7 h5 42. Rfc7 Rd8 43. e6 Re8
44. Rc6 a5 45. e7 Bxe7 46. Rxg6+ Kf7 47. f5 1-0

[Event "12th Open"]
[Site "Dubai UAE"]
[Date "2010.04.12"]
[Round "8"]
[White "Hejazipour,M"]
[Black "Shyam,SM"]
[Result "0-1"]
[WhiteElo "2216"]
[BlackElo "2372"]
[EventDate "2010.04.05"]

1. d4 Nf6 2. c4 g6 3. Nc3 Bg7 4. e4 d6 5. Nf3 O-O 6. Be2 e5 7. O-O Nc6 8.
d5 Ne7 9. b4 Ne8 10. c5 f5 11. Nd2 Nf6 12. f3 f4 13. cxd6 cxd6 14. Nc4 h5
15. b5 g5 16. Qb3 Ne8 17. Ba3 Ng6 18. b6 a6 19. Qb4 Rf6 20. Na5 g4 21. Nc6
Qd7 22. Na7 Nh4 23. Nxc8 Rxc8 24. Kh1 Rg6 25. Rf2 Nf6 26. Rc1 Nh7 27. Qa4
Qd8 28. Qb3 g3 29. Rff1 Nxg2 30. Kxg2 gxh2+ 31. Kh1 Qg5 0-1

[Event "12th Open"]
[Site "Dubai UAE"]
[Date "2010.04.12"]
[Round "8"]
[White "Sharapov,E"]
[Black "Meenakshi,Sub"]
[Result "1/2-1/2"]
[WhiteElo "2498"]
[BlackElo "2348"]
[EventDate "2010.04.05"]

1. e4 e5 2. Nf3 Nc6 3. d4 exd4 4. Nxd4 Bb4+ 5. c3 Be7 6. Be2 d6 7. O-O Nf6
8. Nxc6 bxc6 9. Qa4 Bd7 10. Bf4 O-O 11. Nd2 c5 12. Qc2 Bc6 13. Rad1 Re8 14.
Bd3 g6 15. Nc4 Rb8 16. a3 Qd7 17. Na5 c4 18. Nxc6 Qxc6 19. Be2 Qxe4 20.
Qxe4 Nxe4 21. Bc1 c6 22. Bxc4 d5 23. Bd3 Bg5 24. Bxg5 Nxg5 25. b4 Ne4 26.
Rc1 Kg7 27. f3 Nd6 28. Kf2 Nb5 29. a4 Nd6 30. Rb1 Re7 31. Rfe1 Reb7 32. Ke3
Ne8 33. f4 Kf6 34. g4 Ke7 35. f5 Kd6 36. Kf4 Nc7 37. Kg5 d4 38. Rbd1 Nd5
39. Be4 f6+ 40. Kh4 g5+ 41. Kg3 dxc3 42. b5 Re7 43. bxc6 Re5 44. Kf3 Rc8
45. Rd4 Rxc6 46. Red1 Rc5 47. Rc1 Kc6 48. Rc2 Kd6 49. Rd3 Rc4 50. Bxd5 Rxd5
51. Rdxc3 Rxc3+ 52. Rxc3 Rd4 53. Re3 Rf4+ 54. Kg3 Rxa4 55. Re6+ Kd5 56.
Rxf6 Ra3+ 57. Kg2 Ra2+ 58. Kf3 Ra3+ 59. Kf2 Ra2+ 60. Kg3 Ra3+ 61. Kg2 Ra2+
62. Kg3 1/2-1/2

[Event "12th Open"]
[Site "Dubai UAE"]
[Date "2010.04.12"]
[Round "8"]
[White "Ghader Pour,S"]
[Black "Schneider,Ve"]
[Result "0-1"]
[WhiteElo "2213"]
[BlackElo "2314"]
[EventDate "2010.04.05"]

1. e4 c5 2. Nf3 Nc6 3. Bb5 Nf6 4. Nc3 Qc7 5. O-O Nd4 6. Nxd4 cxd4 7. Nd5
Nxd5 8. exd5 Qc5 9. c4 a6 10. Ba4 Qxc4 11. Bb3 Qc5 12. d3 e6 13. Bf4 Bd6
14. Rc1 Qb6 15. Qg4 Bxf4 16. Qxf4 O-O 17. Rc4 d6 18. dxe6 Bxe6 19. Qxd4
Qxd4 20. Rxd4 Rfd8 21. Bxe6 fxe6 22. Re4 Kf7 23. Rfe1 Re8 24. f4 Rac8 25.
Rc4 b5 26. Rxc8 Rxc8 27. Re2 Rc1+ 28. Kf2 Kf6 29. Ke3 h5 30. Kd2 Rf1 31.
Ke3 Kf5 32. Rc2 Re1+ 33. Kf3 Rf1+ 34. Ke3 Rxf4 35. Rc6 Ra4 36. a3 d5 37.
Rc7 g5 38. Rf7+ Ke5 39. Rg7 Kf6 40. Rh7 h4 41. Rb7 Rg4 42. Kf3 Rf4+ 43. Ke2
g4 44. Ke3 Rf1 45. Rh7 h3 46. gxh3 Rf3+ 47. Kd4 Rxh3 48. Ra7 Rxh2 49. Ke3
Rxb2 50. Rxa6 Ke5 51. d4+ Kf5 52. a4 b4 53. Ra8 Rb3+ 54. Ke2 Ra3 55. a5 Ke4
56. Re8 Ra2+ 57. Kd1 Kd3 58. Kc1 g3 59. Kb1 Re2 60. Rg8 g2 0-1

[Event "12th Open"]
[Site "Dubai UAE"]
[Date "2010.04.12"]
[Round "8"]
[White "Mamedjarova,T"]
[Black "Khader,Sam"]
[Result "1-0"]
[WhiteElo "2269"]
[BlackElo "2466"]
[EventDate "2010.04.05"]

1. d4 d5 2. Nf3 Nf6 3. Bf4 c5 4. e3 Nc6 5. c3 Qb6 6. Qb3 c4 7. Qc2 Bf5 8.
Qc1 h6 9. h3 e6 10. Be2 Qd8 11. O-O Bd6 12. b3 b5 13. Bxd6 Qxd6 14. a4 Na5
15. Nbd2 O-O 16. axb5 Nxb3 17. Nxb3 cxb3 18. Qb2 a6 19. bxa6 Rfb8 20. Ra3
Bc2 21. Rfa1 Ne4 22. Ne1 Nxc3 23. Qxc3 b2 24. Nxc2 b1=Q+ 25. Rxb1 Rxb1+ 26.
Bf1 Qb8 27. Ra1 Rb3 28. Qc5 Rb2 29. Ne1 Qd8 30. Nd3 Rbb8 31. Ne5 Rb2 32.
Bb5 Qb8 33. Bf1 Qd8 34. Qc3 Rb6 35. Rc1 f6 36. Nf3 Rbb8 37. Qa3 Kh8 38. Rc6
Rb1 39. g3 Qe8 40. Qc3 Qd7 41. Kg2 Rd1 42. Rc7 Qd8 43. Rb7 Rc8 44. Qb2 Rdc1
45. a7 R1c2 46. Qb1 R2c7 47. Rb6 Rc6 48. Rb8 1-0

[Event "12th Open"]
[Site "Dubai UAE"]
[Date "2010.04.12"]
[Round "8"]
[White "Salem,AR"]
[Black "Mirzoeva,E"]
[Result "1-0"]
[WhiteElo "2483"]
[BlackElo "2230"]
[EventDate "2010.04.05"]

1. e4 c6 2. d4 d5 3. e5 Bf5 4. Nc3 a6 5. Be3 e6 6. g4 Bg6 7. Nge2 h6 8. Bg2
c5 9. f4 Qh4+ 10. Ng3 Nc6 11. dxc5 O-O-O 12. Bf2 Qe7 13. O-O Qc7 14. Rb1
Nb4 15. f5 Bh7 16. Na4 Nc6 17. b4 Nge7 18. b5 axb5 19. Rxb5 Na7 20. Rb3
Nec6 21. Qd2 Qa5 22. Qf4 Kb8 23. Rfb1 Rd7 24. Be1 Qd8 25. c4 Qg5 26. Qxg5
hxg5 27. cxd5 exd5 28. Ne2 Nxe5 29. Bg3 Nac6 30. Nd4 Ka7 31. Nxc6+ Nxc6 32.
Ra3 Na5 33. Rb5 Ka6 34. Nc3 Bxc5+ 35. Rxc5 b6 36. Rxd5 Rhd8 37. Bc7 Rxd5
38. Nxd5 Rd7 39. Bxb6 1-0

[Event "12th Open"]
[Site "Dubai UAE"]
[Date "2010.04.12"]
[Round "8"]
[White "Tabada,J"]
[Black "Padmini,R"]
[Result "1-0"]
[WhiteElo "2189"]
[BlackElo "2319"]
[EventDate "2010.04.05"]

1. e4 c5 2. Nf3 d6 3. d4 cxd4 4. Nxd4 Nf6 5. Nc3 a6 6. Bg5 e6 7. Qd2 h6 8.
Be3 Ng4 9. O-O-O Be7 10. Kb1 Nxe3 11. Qxe3 Qc7 12. f4 Nc6 13. Nf3 b5 14.
Bd3 Bb7 15. Rhe1 Nb4 16. Nd4 Rc8 17. g4 Qb6 18. Bf1 Nc6 19. Nd5 Qc5 20.
Nxe7 Kxe7 21. c3 Nxd4 22. cxd4 Qc2+ 23. Ka1 Qxh2 24. Bd3 g5 25. Rf1 gxf4
26. Rxf4 Rhf8 27. Rdf1 Qh4 28. d5 e5 29. Rf6 Qxg4 30. Qxh6 Rcd8 31. Be2 Qg8
32. Bh5 Kd7 33. Bxf7 Qh8 34. Qc1 Rc8 35. Be6+ Ke7 36. Bxc8 Rxf6 37. Rxf6
1-0

[Event "12th Open"]
[Site "Dubai UAE"]
[Date "2010.04.12"]
[Round "8"]
[White "Grabinsky,V"]
[Black "Tejas,R"]
[Result "0-1"]
[WhiteElo "2316"]
[BlackElo "2165"]
[EventDate "2010.04.05"]

1. c4 e5 2. g3 Nf6 3. Bg2 Nc6 4. Nc3 Bc5 5. a3 d6 6. e3 O-O 7. Nge2 Re8 8.
b4 Bb6 9. d3 Bg4 10. h3 Be6 11. b5 Na5 12. e4 c6 13. g4 Bxg4 14. hxg4 Nxg4
15. d4 exd4 16. Na4 d3 17. c5 Qf6 18. Nf4 Qxa1 19. cxb6 d2+ 20. Bxd2 Qxd1+
21. Kxd1 Nxf2+ 22. Kc2 Nxh1 23. Bxa5 axb6 24. Bxb6 Rxa4 25. Bxh1 Raxe4 26.
Bxe4 Rxe4 27. bxc6 bxc6 28. Nd3 h5 29. Bc7 d5 30. Kb3 Re3 31. Kc3 h4 32. a4
h3 33. a5 Re2 34. a6 h2 35. Bxh2 Rxh2 36. Kb3 Rh8 37. Kb4 Kh7 38. Kc5 Ra8
39. Nb4 g5 40. Kxc6 g4 41. Kb7 Rxa6 42. Kxa6 g3 0-1

[Event "12th Open"]
[Site "Dubai UAE"]
[Date "2010.04.12"]
[Round "8"]
[White "Saeed,I"]
[Black "Grover,S"]
[Result "0-1"]
[WhiteElo "2217"]
[BlackElo "2434"]
[EventDate "2010.04.05"]

1. d4 Nf6 2. c4 e6 3. Nc3 Bb4 4. Qc2 O-O 5. Bg5 h6 6. Bh4 c5 7. e3 cxd4 8.
exd4 b6 9. Nf3 Bb7 10. Be2 d5 11. Rd1 dxc4 12. Bxc4 Bxf3 13. gxf3 Nbd7 14.
Qd3 Qc7 15. Bg3 Qb7 16. Kf1 Bxc3 17. bxc3 Rfd8 18. Rg1 Nh5 19. Qe2 Nxg3+
20. Rxg3 Qc7 21. Bb3 Nf6 22. f4 Qc6 23. Rdd3 Kf8 24. Rdf3 Qe4 25. Re3 Qc6
26. Rg1 Rac8 27. Reg3 Qe4 28. Qb2 Nh5 29. Re3 Qf5 30. Bc2 Qa5 31. Bb3 Qb5+
32. Ke1 Nxf4 33. Qb1 Rxc3 34. Qd1 Nd3+ 35. Kd2 Qb4 36. a3 Qxd4 37. Rg4 Nf4+
38. Ke1 Rxe3+ 39. fxe3 Qxe3+ 0-1

[Event "12th Open"]
[Site "Dubai UAE"]
[Date "2010.04.12"]
[Round "8"]
[White "Abhishek,K"]
[Black "Khukhashvili,S"]
[Result "1/2-1/2"]
[WhiteElo "2261"]
[BlackElo "2421"]
[EventDate "2010.04.05"]

1. e4 c5 2. Nf3 d6 3. d4 cxd4 4. Nxd4 Nf6 5. Nc3 g6 6. Be3 Bg7 7. f3 Nc6 8.
Bc4 Bd7 9. Qd2 O-O 10. O-O-O Ne5 11. Bb3 Rc8 12. h4 h5 13. Bh6 a5 14. Bxg7
Kxg7 15. g4 Rc5 16. g5 Ng8 17. f4 Ng4 18. a4 Qe8 19. Rhf1 Qc8 20. Kb1 Rd8
21. Nd5 e6 22. Nb6 Qc7 23. Nxd7 Qxd7 24. f5 Re5 25. f6+ N8xf6 26. gxf6+
Nxf6 27. Qf4 Qe7 28. Rde1 Ng4 29. Nf3 Rc5 30. e5 d5 31. Rg1 b5 32. axb5
Rxb5 33. Nd4 Rb6 34. Rxg4 hxg4 35. Qxg4 Rh8 36. Rh1 Rh5 37. Qf4 Qc7 38.
Qf6+ Kg8 39. Rh3 Rxe5 40. Rc3 Re1+ 41. Ka2 Qd7 42. h5 a4 43. h6 axb3+ 44.
Rxb3 Kf8 45. h7 Ra6+ 46. Ra3 Rxa3+ 47. bxa3 Rh1 48. h8=Q+ Rxh8 49. Qxh8+
Ke7 50. Qh4+ Kd6 51. Nf3 Qb7 52. Qd4 Qb5 53. Qf4+ Ke7 54. Ne5 Qe2 55. Kb2
f6 56. Nc6+ Kd7 57. Nd4 Qe5 58. Qxe5 fxe5 59. Nf3 Kd6 60. Kc3 e4 61. Ng5 e5
62. Kd2 Kc5 63. Nf7 Kd4 64. c3+ Kc4 65. Nxe5+ Kb3 66. a4 Kxa4 67. Nxg6 Kb3
68. Nf4 Kc4 69. Ne2 Kb3 70. Kc1 Kc4 71. Kc2 Kc5 72. Kd2 Kb5 73. Nd4+ Kc4
74. Nf5 Kc5 75. Kc1 Kc4 76. Kc2 Kc5 77. Kb3 Kb5 78. Nd4+ Kc5 79. Ne2 Kb5
80. Nd4+ Kc5 81. Ne2 Kb5 82. Kc2 Kc4 83. Kd2 Kb3 84. Ke3 Kc4 85. Kd2 Kb3
86. Ng3 Kc4 87. Nf5 Kc5 88. Kc1 Kc4 1/2-1/2

[Event "12th Open"]
[Site "Dubai UAE"]
[Date "2010.04.13"]
[Round "9"]
[White "Baklan,V"]
[Black "Sanikidze,T"]
[Result "1/2-1/2"]
[WhiteElo "2644"]
[BlackElo "2566"]
[EventDate "2010.04.05"]

1. e4 e5 2. Nf3 Nc6 3. Bb5 a6 4. Bxc6 dxc6 5. O-O f6 6. d4 exd4 7. Nxd4 c5
8. Ne2 Qxd1 9. Rxd1 Bd7 10. Nbc3 O-O-O 11. Be3 Re8 12. Rd2 Bc6 13. Rad1 b6
14. f3 Ne7 15. Nf4 Ng6 16. Nxg6 hxg6 17. Bf4 Be7 18. Nd5 g5 19. Bg3 Bd8 20.
Nc3 Be7 21. Nd5 Bd8 22. Nc3 Be7 23. Nd5 Bd8 24. Nc3 Be7 25. Nd5 1/2-1/2

[Event "12th Open"]
[Site "Dubai UAE"]
[Date "2010.04.13"]
[Round "9"]
[White "Ramnath,B"]
[Black "Volkov,Sergey1"]
[Result "0-1"]
[WhiteElo "2360"]
[BlackElo "2612"]
[EventDate "2010.04.05"]

1. e4 e6 2. d4 d5 3. exd5 exd5 4. Nf3 Nc6 5. Bb5 Bd6 6. O-O Nge7 7. c4 dxc4
8. Bxc4 O-O 9. h3 Bf5 10. Nc3 Nc8 11. Bg5 Be7 12. Bxe7 N6xe7 13. Ne5 Nb6
14. Bb3 c6 15. Re1 Ned5 16. Qf3 Be6 17. Ne4 Nc7 18. Nc5 Bxb3 19. axb3 Qc8
20. Ne4 Nb5 21. Rad1 Qd8 22. Qh5 Nd5 23. Nc5 Nf6 24. Qf5 Nd6 25. Qf3 Qc7
26. Ned7 Nxd7 27. Re7 Rad8 28. Qg4 h5 29. Rxd7 Rxd7 30. Qxd7 Qxd7 31. Nxd7
Rd8 32. Ne5 Nb5 33. Nf3 c5 34. Kf1 cxd4 35. Ke2 Rd6 36. Kd3 Rg6 37. g3 Rf6
38. Ke2 Re6+ 39. Kd3 g6 40. Rd2 Rb6 41. h4 Kf8 42. Re2 a6 43. Nd2 Rf6 44.
Kc4 Rd6 45. Kd3 Rf6 46. Kc4 Rd6 47. Kd3 f6 48. Re4 Kf7 49. Nf3 Rb6 50. Kc2
d3+ 51. Kd2 Nd6 52. Rd4 Ke7 53. Rxd3 Ne4+ 54. Ke2 Nc5 55. Re3+ Kd7 56. Nd2
Rb4 57. Rf3 f5 58. Rc3 Ne4 59. Nxe4 Rxe4+ 60. Re3 Rb4 61. Kd2 f4 62. Rd3+
Ke6 63. Ke2 Ke5 64. Kf3 b6 65. Rc3 Rd4 66. Ke2 Ke4 67. Rc6 Rb4 68. Rc3 a5
69. gxf4 Kf5 70. Kf3 Rxf4+ 71. Kg3 Rg4+ 72. Kh3 Rd4 73. Kg3 Ke4 74. f3+ Kd5
75. Rc8 Rb4 76. Rc3 b5 77. Re3 Rd4 78. Re8 Rb4 79. Re3 a4 80. bxa4 bxa4 81.
Ra3 Kc5 82. Rc3+ Rc4 83. Re3 Rc2 84. Re6 Rxb2 85. Rxg6 a3 86. Ra6 a2 87. f4
Kb4 88. f5 Rb3+ 0-1

[Event "12th Open"]
[Site "Dubai UAE"]
[Date "2010.04.13"]
[Round "9"]
[White "Guseinov,G"]
[Black "Gagunashvili,M"]
[Result "1-0"]
[WhiteElo "2609"]
[BlackElo "2582"]
[EventDate "2010.04.05"]

1. e4 c6 2. d4 d5 3. Nd2 dxe4 4. Nxe4 Bf5 5. Ng3 Bg6 6. h4 h6 7. Nf3 Nd7 8.
h5 Bh7 9. Bd3 Bxd3 10. Qxd3 e6 11. Bd2 Ngf6 12. O-O-O Qc7 13. Qe2 c5 14.
Rh4 Be7 15. dxc5 Bxc5 16. Nf5 O-O 17. Nxg7 Kxg7 18. Bc3 Kh7 19. Ne5 Nxe5
20. Bxe5 Qe7 21. Qd3+ Kg8 22. Qf3 Ne8 23. Rg4+ Kh7 24. Qg3 f6 25. Rg6 Ng7
26. Rxh6+ Kg8 27. Bc3 e5 28. Qg6 Rfd8 29. Re1 Rd7 30. Qh7+ Kf7 31. Rg6 Ke8
32. h6 Ne6 33. Qg8+ Nf8 34. Rg7 Qd6 35. h7 Rxg7 36. Qxg7 Nxh7 37. Qg6+ Kd7
38. Rd1 Bd4 39. Bxd4 exd4 40. Qxh7+ Kc6 41. Qe4+ 1-0

[Event "12th Open"]
[Site "Dubai UAE"]
[Date "2010.04.13"]
[Round "9"]
[White "Safarli,E"]
[Black "Melkumyan,H"]
[Result "0-1"]
[WhiteElo "2606"]
[BlackElo "2582"]
[EventDate "2010.04.05"]

1. e4 e5 2. Nf3 Nc6 3. Bb5 a6 4. Ba4 Nf6 5. Nc3 Be7 6. Bxc6 dxc6 7. h3 Nd7
8. d3 Bd6 9. Ne2 c5 10. c3 Nb8 11. a3 Nc6 12. O-O O-O 13. Be3 a5 14. d4
cxd4 15. cxd4 exd4 16. Nexd4 Nxd4 17. Bxd4 b6 18. Bc3 Re8 19. Re1 Bb7 20.
Qd4 Bf8 21. Qa4 Re6 22. Rad1 Qe8 23. Qxe8 Raxe8 24. e5 f6 25. exf6 Bxf3 26.
Rxe6 Rxe6 27. gxf3 gxf6 28. f4 Rc6 29. Rd3 Kf7 30. f5 Bd6 31. Bd4 Be7 32.
Rc3 Rd6 33. Be3 c5 34. Rc4 Bf8 35. Rh4 h6 36. Kg2 Rd1 37. Rc4 Rd5 38. Rh4
Rd3 39. Re4 Rb3 40. Bc1 Bd6 41. Re3 Rb5 42. Rd3 Ke7 43. b3 h5 44. Bd2 c4
45. bxc4 Rxf5 46. Rb3 Bc5 47. Be3 Kd6 48. Bxc5+ bxc5 49. Rd3+ Ke6 50. Re3+
Kf7 51. Kg3 h4+ 52. Kxh4 Rxf2 53. Rc3 Rg2 54. Rf3 Ke6 55. Re3+ Kf5 56. Kh5
Rg8 57. Rf3+ Ke5 58. Rd3 f5 59. Rd5+ Ke4 60. Rxc5 f4 61. Rxa5 f3 62. Ra7
Rf8 63. Re7+ Kf5 64. Kh6 f2 65. Kg7 Rf6 0-1

[Event "12th Open"]
[Site "Dubai UAE"]
[Date "2010.04.13"]
[Round "9"]
[White "Ghaem Maghami,E"]
[Black "Aleksandrov,A"]
[Result "0-1"]
[WhiteElo "2575"]
[BlackElo "2601"]
[EventDate "2010.04.05"]

1. c4 e6 2. Nf3 d5 3. d4 Nf6 4. Nc3 Bb4 5. Bg5 h6 6. Bxf6 Qxf6 7. Qb3 c5 8.
cxd5 exd5 9. e3 O-O 10. dxc5 Bxc3+ 11. Qxc3 Qxc3+ 12. bxc3 Be6 13. Nd4 Rc8
14. Kd2 Rxc5 15. Bd3 Nd7 16. Rhb1 Rc7 17. Nb5 Rc6 18. Nd4 Rc7 19. a4 Nc5
20. a5 a6 21. Bc2 Rd8 22. f3 Kf8 23. Rb4 Bc8 24. c4 g6 25. Ra3 dxc4 26.
Rxc4 Be6 27. Rb4 Bd7 28. h4 Be8 29. Rc3 Rdc8 30. Kd1 h5 31. Rbc4 Na4 32.
Ne6+ fxe6 33. Rf4+ Ke7 34. Rxc7+ Rxc7 35. Bxa4 Bxa4+ 36. Rxa4 Rc5 37. Rb4
Rxa5 38. Rxb7+ Kf6 39. Ke2 Ra2+ 40. Kf1 a5 41. Kg1 a4 42. Ra7 a3 43. Kh2
Ra1 44. Ra5 a2 45. f4 Ke7 46. Kg3 Kd6 47. e4 Kc6 48. e5 Kb6 49. Ra8 Kc5 50.
Ra4 Kb5 51. Ra8 Kc4 52. Ra7 Kd3 53. Ra4 Ke3 54. Ra3+ Ke4 55. Ra8 Rb1 56.
Rxa2 Rb3+ 57. Kf2 Kxf4 58. Ra4+ Kf5 59. g3 Rd3 60. Rf4+ Kxe5 61. Rf8 Rc3
62. Rg8 Kf6 63. Rf8+ Ke7 64. Rg8 Kf7 65. Ra8 Rc7 66. Kf3 Kf6 67. Rf8+ Rf7
68. Ra8 Ke5+ 69. Ke3 Kf5 70. Kf3 e5 71. Re8 Rf6 72. Re7 Rf8 73. Ke3 Kg4 74.
Re6 Rf3+ 75. Ke4 Rxg3 76. Rxg6+ Kxh4 77. Ra6 Rg5 78. Ra1 Kh3 79. Kf3 Rg3+
80. Ke4 h4 81. Kxe5 Kg4 82. Ra4+ Kg5 83. Ra8 Re3+ 84. Kd4 Re6 85. Rh8 Kg4
86. Kd3 h3 87. Rg8+ Kh5 88. Rg3 Kh4 89. Rg8 Re5 90. Rh8+ Rh5 91. Rxh5+ Kxh5
0-1

[Event "12th Open"]
[Site "Dubai UAE"]
[Date "2010.04.13"]
[Round "9"]
[White "Pantsulaia,L"]
[Black "Arutinian,D"]
[Result "0-1"]
[WhiteElo "2588"]
[BlackElo "2576"]
[EventDate "2010.04.05"]

1. d4 Nf6 2. c4 g6 3. Nc3 d5 4. Bg5 Ne4 5. Bh4 Nxc3 6. bxc3 dxc4 7. e3 Be6
8. Nf3 Bg7 9. Ng5 Bd5 10. e4 h6 11. exd5 hxg5 12. Bxg5 Qxd5 13. h4 Nc6 14.
Qe2 Qa5 15. Qd2 f6 16. Be3 Qd5 17. O-O-O O-O-O 18. Qe2 b5 19. Qc2 f5 20. h5
e5 21. dxe5 Qxe5 22. Rxd8+ Rxd8 23. Be2 gxh5 24. Rxh5 Nb4 25. cxb4 Qa1+ 26.
Qb1 Qc3+ 27. Qc2 Qa3+ 28. Kb1 Qxb4+ 29. Kc1 Bb2+ 0-1

[Event "12th Open"]
[Site "Dubai UAE"]
[Date "2010.04.13"]
[Round "9"]
[White "Balogh,C"]
[Black "Savchenko,S"]
[Result "1-0"]
[WhiteElo "2622"]
[BlackElo "2526"]
[EventDate "2010.04.05"]

1. e4 c5 2. Nf3 d6 3. d4 cxd4 4. Nxd4 Nf6 5. Nc3 a6 6. Bg5 Nbd7 7. Qe2 h6
8. Bh4 g5 9. Bg3 e5 10. Nf5 Nc5 11. O-O-O Bxf5 12. exf5 Qc7 13. h4 Rg8 14.
hxg5 hxg5 15. Qe3 Rc8 16. Rd2 Ncd7 17. Qd3 Nc5 18. Qf3 Qc6 19. Qd1 Nce4 20.
Nxe4 Nxe4 21. Rd3 Qb6 22. Rb3 Qa5 23. a3 Rc7 24. Be2 Nxg3 25. Rxg3 e4 26.
f6 Qe5 27. Rg4 d5 28. Rh3 Rg6 29. Qd2 Bc5 30. Kb1 Bxf2 31. Qa5 Kd7 32. Qa4+
Rc6 33. Rb3 b5 34. Qa5 Rgxf6 35. a4 Ke7 36. axb5 axb5 37. Bxb5 Rb6 38. Qb4+
Rfd6 39. Qd2 e3 40. Qe2 Rh6 41. Ra4 Rh1+ 42. Ka2 Kf6 43. Ra8 Kg7 44. Qg4
Re6 45. Qb4 Re7 46. Be2 Re1 47. Qg4 Rc7 48. Qh5 Kf6 49. Rb6+ Ke7 50. Qh6
1-0

[Event "12th Open"]
[Site "Dubai UAE"]
[Date "2010.04.13"]
[Round "9"]
[White "Shanava,K"]
[Black "Fedorov,Alex"]
[Result "0-1"]
[WhiteElo "2544"]
[BlackElo "2618"]
[EventDate "2010.04.05"]

1. e4 c5 2. Nf3 e6 3. d4 cxd4 4. Nxd4 a6 5. Nc3 b5 6. Bd3 Qb6 7. Nb3 Qc7 8.
O-O d6 9. f4 Nc6 10. Be3 Nf6 11. Qf3 Bb7 12. Qh3 Be7 13. Kh1 h5 14. Rae1
Rc8 15. Bg1 g6 16. Nd4 Ng4 17. f5 gxf5 18. Nxc6 Bxc6 19. exf5 e5 20. f6
Nxf6 21. Rxf6 Bxf6 22. Rf1 Be7 23. Qf5 Rf8 24. Be3 Qb7 25. Ne4 Bd5 26. Bh6
Rg8 27. Qh7 Rg4 28. Re1 Rc4 29. Ng3 Bxg2+ 30. Kg1 Bh3 31. Re2 Qf3 0-1

[Event "12th Open"]
[Site "Dubai UAE"]
[Date "2010.04.13"]
[Round "9"]
[White "Malakhatko,V"]
[Black "Petrosian,TL"]
[Result "1-0"]
[WhiteElo "2548"]
[BlackElo "2612"]
[EventDate "2010.04.05"]

1. c4 Nf6 2. Nc3 d5 3. cxd5 Nxd5 4. g3 Nb6 5. Bg2 g6 6. d3 Bg7 7. Be3 Nc6
8. Bxc6+ bxc6 9. Qc1 h6 10. Nf3 Bh3 11. Nd2 O-O 12. Nde4 Kh7 13. f3 Nd5 14.
Bc5 Be6 15. Bf2 Bh3 16. Nd1 e5 17. Qxc6 f5 18. Nc5 Rf6 19. Qa4 Rb6 20. Rc1
Rb4 21. Qc2 Qd6 22. Nb3 Qa6 23. Bc5 e4 24. Bxb4 Nxb4 25. Qc4 Qb6 26. dxe4
fxe4 27. Qxe4 Rd8 28. Nf2 Bg2 29. Rg1 Nxa2 30. Rxg2 Nxc1 31. Nxc1 Qxb2 32.
Nfd3 Qc3+ 33. Kf2 c5 34. Rg1 Rd4 35. Qe7 Rd5 36. Nf4 Re5 37. Qf7 g5 38. Nh5
Qe3+ 39. Kg2 1-0

[Event "12th Open"]
[Site "Dubai UAE"]
[Date "2010.04.13"]
[Round "9"]
[White "Gelashvili,T"]
[Black "Harutjunyan,G"]
[Result "1-0"]
[WhiteElo "2621"]
[BlackElo "2476"]
[EventDate "2010.04.05"]

1. e4 c6 2. d4 d5 3. exd5 cxd5 4. c4 Nf6 5. Nc3 e6 6. Nf3 Bb4 7. cxd5 Nxd5
8. Bd2 Nc6 9. Bd3 O-O 10. O-O Nf6 11. Bg5 Be7 12. Re1 b6 13. Ne5 Bb7 14.
Ba6 Qc8 15. Qf3 Na5 16. Bxb7 Qxb7 17. Qxb7 Nxb7 18. Nc6 Bd6 19. Nb5 a6 20.
Nxd6 Nxd6 21. d5 exd5 22. Ne7+ Kh8 23. Bxf6 gxf6 24. Nxd5 Rac8 25. Rac1
Rfe8 26. Rxe8+ Rxe8 27. Kf1 b5 28. Nxf6 Re6 29. Nh5 h6 30. Rc6 Nf5 31. Rxe6
fxe6 32. Ke2 Kg8 33. Kd3 Kf7 34. g4 Nd6 35. f4 Ke7 36. Ng3 Nc4 37. b3 Nb6
38. g5 Nd5 39. gxh6 Kf6 40. f5 exf5 41. h7 Nf4+ 42. Kd4 Ng6 43. Kc5 f4 44.
Nh5+ Kg5 45. Nxf4 Kxf4 46. Kb6 Kg5 47. Kxa6 b4 48. Kb5 Kh6 49. Kxb4 Kxh7
50. a4 Kg7 51. a5 Kf7 52. a6 Ne7 53. Kc5 Nc8 54. b4 1-0

[Event "12th Open"]
[Site "Dubai UAE"]
[Date "2010.04.13"]
[Round "9"]
[White "Ibrayev,N"]
[Black "Gupta,Ab"]
[Result "0-1"]
[WhiteElo "2405"]
[BlackElo "2560"]
[EventDate "2010.04.05"]

1. Nf3 Nf6 2. c4 g6 3. Nc3 d5 4. cxd5 Nxd5 5. Qa4+ Bd7 6. Qc2 Nb4 7. Qb3 c5
8. a3 Be6 9. Qa4+ Bd7 10. Qd1 N4c6 11. e3 Bg7 12. d4 Be6 13. Ng5 cxd4 14.
Nxe6 fxe6 15. exd4 Nxd4 16. Bc4 Nbc6 17. O-O O-O 18. Be3 Kh8 19. Rc1 Qd6
20. Ba2 Rad8 21. Kh1 Qe5 22. Qg4 Qf5 23. Qh4 Bf6 24. Qh6 Qa5 25. Qh3 Qf5
26. Qh6 Bg7 27. Qh4 Qe5 28. Bh6 Nf5 29. Bxg7+ Kxg7 30. Qc4 Rd2 31. Rce1
Rxf2 32. Rg1 Qd4 33. Qxe6 Qh4 34. Ne4 Nfd4 0-1

[Event "12th Open"]
[Site "Dubai UAE"]
[Date "2010.04.13"]
[Round "9"]
[White "Arun Prasad,S"]
[Black "Ghane,S"]
[Result "1-0"]
[WhiteElo "2549"]
[BlackElo "2375"]
[EventDate "2010.04.05"]

1. d4 d5 2. c4 c6 3. Nf3 Nf6 4. e3 Bg4 5. h3 Bxf3 6. Qxf3 e6 7. Nc3 Bb4 8.
Bd2 Nbd7 9. Bd3 O-O 10. a3 Ba5 11. O-O dxc4 12. Bxc4 e5 13. Rfd1 Re8 14. g4
e4 15. Qg2 Bxc3 16. bxc3 Nd5 17. a4 Nf8 18. Be2 Ng6 19. c4 Nc7 20. Rab1 Rb8
21. Kh1 Ne6 22. Qg3 Ng5 23. Bb4 b6 24. h4 Nf3 25. Bxf3 exf3 26. h5 Nh4 27.
Bd6 Rb7 28. d5 c5 29. Bf4 g5 30. hxg6 hxg6 31. g5 f5 32. Kg1 Rh7 33. d6 Qd7
34. a5 Re4 35. axb6 axb6 36. Rxb6 Rxc4 37. Rb8+ Kf7 38. Qh3 Ra4 39. Qf1 Ng2
40. Qd3 Nxf4 41. exf4 Qc6 42. Qb3+ 1-0

[Event "12th Open"]
[Site "Dubai UAE"]
[Date "2010.04.13"]
[Round "9"]
[White "Shyam,SM"]
[Black "Ibrahimov,R"]
[Result "1-0"]
[WhiteElo "2372"]
[BlackElo "2538"]
[EventDate "2010.04.05"]

1. e4 c5 2. Nf3 d6 3. d4 cxd4 4. Nxd4 Nf6 5. Nc3 a6 6. Be3 e5 7. Nb3 Be6 8.
Qd2 Nbd7 9. f4 b5 10. f5 Bc4 11. O-O-O Be7 12. g4 Nxg4 13. Rg1 Ndf6 14. Kb1
Bxf1 15. Rdxf1 b4 16. Nd5 Nxd5 17. Rxg4 Nxe3 18. Qxe3 Bf6 19. Qd3 Rc8 20.
Rd1 Rc6 21. Nd2 Qc7 22. Nf1 Rc4 23. Ne3 Rd4 24. Qxa6 Rxd1+ 25. Nxd1 O-O 26.
Ne3 Qc5 27. Nd5 Kh8 28. Qe2 Ra8 29. Qe1 Qa7 30. Nxb4 h5 31. Rg2 d5 32. exd5
Qd4 33. c3 Qf4 34. Rf2 Qh4 35. Qe2 e4 36. Rf1 e3 37. Qxe3 Qxh2 38. Qf4 Qxf4
39. Rxf4 Re8 40. Nc6 Re2 41. a4 1-0

[Event "12th Open"]
[Site "Dubai UAE"]
[Date "2010.04.13"]
[Round "9"]
[White "Arizmendi Martinez,J"]
[Black "Mamedjarova,T"]
[Result "1-0"]
[WhiteElo "2531"]
[BlackElo "2269"]
[EventDate "2010.04.05"]

1. d4 d5 2. c4 e6 3. Nc3 Nf6 4. cxd5 exd5 5. Bg5 Be7 6. e3 O-O 7. Bd3 c6 8.
Qc2 h6 9. Bh4 Nh5 10. Bxe7 Qxe7 11. Nge2 Qg5 12. Rg1 Qh4 13. h3 f5 14. Kd2
Na6 15. g3 Qe7 16. Bxa6 bxa6 17. Nf4 Nxf4 18. gxf4 Be6 19. Na4 Rab8 20. Nc5
Bc8 21. Rg3 Kh8 22. Nd3 Bd7 23. Rag1 Rg8 24. b3 Qa3 25. Nc5 Be8 26. Qxf5
Qxa2+ 27. Ke1 Qa5+ 28. Ke2 g5 29. Qe5+ Kh7 30. Kf1 Qb5+ 31. Kg2 Bg6 32. f5
Be8 33. Kh2 Rc8 34. f4 Qe2+ 35. R1g2 Qh5 36. fxg5 hxg5 37. Ne6 1-0

[Event "12th Open"]
[Site "Dubai UAE"]
[Date "2010.04.13"]
[Round "9"]
[White "Kotanjian,T"]
[Black "Sharbaf,M"]
[Result "1/2-1/2"]
[WhiteElo "2522"]
[BlackElo "2373"]
[EventDate "2010.04.05"]

1. d4 d5 2. c4 c6 3. cxd5 cxd5 4. Nc3 Nf6 5. Nf3 Nc6 6. Bf4 Bf5 7. e3 e6 8.
Bd3 Bxd3 9. Qxd3 Bd6 10. Bxd6 Qxd6 11. O-O O-O 12. Rfc1 Rfc8 13. Kf1 Kf8
14. Kg1 Kg8 15. Kf1 Kf8 16. Kg1 Kg8 1/2-1/2